000 00720nam a2200205 i 4500
001 42645
003 ES-MaACL
005 20250831121908.0
007 t|
008 030313s1953 sp ||||1| spa d
100 1 _aCeram, C. W.
_937441
245 1 0 _aDioses, tumbas y sabios
_b: la novela de la Arqueología /
_cC. W. Ceram ; prólogo de Luis Pericot ; [traducción del alemán por Manuel Tamayo].
250 _a1ª ed.
260 _aBarcelona :
_bDestino,
_c[1953] (
_fAgustín Núñez)
300 _a431 p., 32 lám. :
_bil. ;
_c25 cm.
700 1 _aPericot, Luis,
_d1899-1978
_991262
700 1 _aTamayo, Manuel,
_d1917-1977
_9160966
852 _aES-MaACL
_jB-4690
_bR.35622
999 _c42645
_d42645